000
00241nam a2200097Ia 4500
001
966021
005
20250826220257.0
008
250824s9999 xx 000 0 und d
245
0
_a
ZAMAN PARÇALARI
_c
RYSA WALKER
260
_b
HEP KİTAP YAYINLARI
999
_c
966021
_d
966021